Informačná spoločnosť je zárukou hospodárskeho rastu
Plnohodnotné využitie neustále novších informačných a komunikačných technológií (IKT) si vyžaduje spoločnosť, ktorá je schopná permanentného štúdia s kľúčovou schopnosťou analytického myslenia a syntézy poznatkov pri riešení každodenných úloh spojených s vyhľadávaním a spracovaním informácií. Deklar...
Salvato in:
| Autore principale: | |
|---|---|
| Natura: | Capitolo di libro |
| Lingua: | slovacco |
| Soggetti: | |
| Tags: |
Nessun Tag, puoi essere il primo ad aggiungerne!!
|
MARC
| LEADER | 00000nla$a2200000$$$4500 | ||
|---|---|---|---|
| 001 | 0066504 | ||
| 005 | 20240502071805.8 | ||
| 041 | 0 | |a slo | |
| 044 | |a SK | ||
| 245 | 1 | 0 | |a Informačná spoločnosť je zárukou hospodárskeho rastu |c Ivan Šóš |
| 520 | |a Plnohodnotné využitie neustále novších informačných a komunikačných technológií (IKT) si vyžaduje spoločnosť, ktorá je schopná permanentného štúdia s kľúčovou schopnosťou analytického myslenia a syntézy poznatkov pri riešení každodenných úloh spojených s vyhľadávaním a spracovaním informácií. Deklarácia princípov informačnej spoločnosti definuje výzvy rozdelené do 11 kľúčových princípov informačnej spoločnosti. Aktivity, ktoré treba uskutočniť pre rozvoj globálnej informačnej spoločnosti. Aktivity katedry aplikovanej informatiky a výpočtovej techniky Národohospodárskej fakulty Ekonomickej univerzity v Bratislave v procese budovania informačnej spoločnosti. | ||
| 610 | 2 | 0 | |a spoločnosť informačná |
| 610 | 2 | 0 | |a technológie informačné |
| 610 | 2 | 0 | |a technológie komunikačné |
| 610 | 2 | 0 | |a informatizácia |
| 610 | 2 | 0 | |a vzdelávanie celoživotné |
| 610 | 2 | 0 | |a rast hospodársky |
| 100 | 1 | |a Šóš, Ivan, 1977- | |